Lengua 9 /

Guardado en:
Autor Principal: Bavio, Carmen
Otros Autores: Chozas, María Silvia, Falbo, Silvia María
Formato: Libro
Publicado: Buenos Aires : Kapelusz, 2002
Series:Puntos suspensivos
Materias:
Etiquetas: Agregar Etiqueta
Sin Etiquetas, Sea el primero en etiquetar este registro!
LEADER 01008nam a22002415a 4500
001 CEM.cems010879
005 20080311094543.0
008 130507s2002##################000#0#####d
003 CEMS
020 |a 9501309223 
082 0 4 |a Z468 
100 1 |a Bavio, Carmen 
245 1 0 |a Lengua 9 /  |c Carmen Bavio, María Silvia Chozas, Silvia María Falbo 
260 |a Buenos Aires :  |b Kapelusz,  |c 2002 
300 |a 223 p. 
490 0 |a Puntos suspensivos 
500 |a Obra acompañada por una antología de textos literarios y no literarios 
505 0 |a Ficción y no ficción -- La trama conversacional y el teatro -- Trama narrativa y mito -- Trama descriptiva y texto aplicativo -- Trama narrativa y cuento -- Trama narrativa y novela -- Trama argumentativa y textos periodísticos -- Trama descriptiva y poesía 
653 |a Lengua 
653 |a Lengua-3er. ciclo egb 
700 1 |a Chozas, María Silvia 
700 1 |a Falbo, Silvia María 
859 |a CEMS  |b BIB. CEMS - 11 de abril  |h Z468  |i B238  |p 21597.02  |t Ej.1  |v 9º  |3 9º